[Event "Dvorkovich Memorial op"]
[Site "Taganrog"]
[Date "2018.01.20"]
[Round "6"]
[White "Konaplev, Anton"]
[Black "Kosyrev, Nikita"]
[Result "1-0"]
[WhiteElo "2276"]
[BlackElo "1837"]
[PlyCount "65"]
[EventDate "2018.01.15"]
[EventType "swiss"]
[EventRounds "9"]
[EventCountry "RUS"]
[SourceTitle "CBM 182 Extra"]
[Source "ChessBase"]
[SourceDate "2018.02.23"]
[SourceVersion "1"]
[SourceVersionDate "2018.02.23"]
[SourceQuality "1"]

1. d4 Nf6 2. c4 e6 3. Nc3 Bb4 4. e3 0-0 5. Bd3 d5 6. Nf3 c5 7. 0-0 b6 8. cxd5 exd5 9. dxc5 bxc5 10. h3 Bb7 11. Na4 Nbd7 12. Be2 Rc8 13. Rb1 Qe7 14. a3 Ba5 15. b4 cxb4 16. Bd2 Ne4 17. Bxb4 Bxb4 18. axb4 Nb6 19. Nxb6 axb6 20. Rb2 Nc3 21. Qd2 Nxe2+ 22. Qxe2 Rc4 23. b5 f5 24. Re1 Re8 25. Qd3 Qe4 26. Qd1 Qe7 27. Qb3 Ra8 28. Qd3 Qe4 29. Qd1 Qe7 30. Rd2 g6 31. Rxd5 Rac8 32. Rd7 Qe4 33. Qd6 1-0

[Event "Dvorkovich Memorial op"]
[Site "Taganrog"]
[Date "2018.01.17"]
[Round "3"]
[White "Kosyrev, Nikita"]
[Black "Najdin, Danil"]
[Result "0-1"]
[WhiteElo "1837"]
[BlackElo "2302"]
[PlyCount "117"]
[EventDate "2018.01.15"]
[EventType "swiss"]
[EventRounds "9"]
[EventCountry "RUS"]
[SourceTitle "CBM 182 Extra"]
[Source "ChessBase"]
[SourceDate "2018.02.23"]
[SourceVersion "1"]
[SourceVersionDate "2018.02.23"]
[SourceQuality "1"]

1. c4 Nf6 2. Nf3 g6 3. Nc3 Bg7 4. g3 0-0 5. Bg2 d6 6. 0-0 e5 7. d3 Re8 8. Rb1 a5 9. a3 c6 10. b4 axb4 11. axb4 d5 12. cxd5 cxd5 13. Bg5 Be6 14. Qc1 Nbd7 15. d4 e4 16. Nd2 Qb6 17. Bxf6 Nxf6 18. e3 Rec8 19. Qb2 h5 20. Rfc1 Bf8 21. Qb3 h4 22. Bf1 hxg3 23. hxg3 Qd6 24. Bg2 Qd7 25. Ra1 Rxa1 26. Rxa1 Qc6 27. Rc1 Qb6 28. Rb1 Qc6 29. Rc1 Kg7 30. Bf1 Qd7 31. Bg2 Bd6 32. Ne2 Qb5 33. Rxc8 Bxc8 34. Bf1 Qxb4 35. Qxb4 Bxb4 36. Nb3 b6 37. Nec1 Be1 38. Be2 Bh3 39. Na2 Kf8 40. Na1 Ke7 41. Nc2 Bd2 42. f3 Kd6 43. Kh2 exf3 44. Bxf3 Bf5 45. Nab4 Ng4+ 46. Bxg4 Bxg4 47. Kg2 Bd1 48. Kf2 f5 49. Kg2 b5 50. Kf2 Bc3 51. Kg2 Bxc2 52. Nxc2 b4 53. Kf2 b3 54. Na3 Bb4 55. Nb1 Kc6 56. Ke2 Kb5 57. Kd3 Be1 58. Nc3+ Bxc3 59. Kxc3 0-1

[Event "Samara Polugaevsky Memorial 7th"]
[Site "Samara"]
[Date "2017.07.15"]
[Round "8"]
[White "Sergeyev, Dmitriy"]
[Black "Kosyrev, Nikita"]
[Result "1-0"]
[WhiteElo "2030"]
[BlackElo "1833"]
[PlyCount "53"]
[EventDate "2017.07.08"]
[EventType "swiss"]
[EventRounds "9"]
[EventCountry "RUS"]
[SourceTitle "EXT 2018"]
[Source "ChessBase"]
[SourceDate "2017.10.13"]
[SourceVersion "1"]
[SourceVersionDate "2017.10.13"]
[SourceQuality "1"]

1. e4 e5 2. Nf3 Nc6 3. Bc4 Nf6 4. Ng5 d5 5. exd5 Na5 6. Bb5+ c6 7. dxc6 bxc6 8. Qf3 Bb7 9. Bd3 Be7 10. Nc3 0-0 11. Qh3 h6 12. Nge4 Nd5 13. Nxd5 cxd5 14. Ng3 e4 15. Be2 Bc5 16. 0-0 Bc8 17. Bg4 Ba6 18. d3 exd3 19. Nf5 Qf6 20. cxd3 Nc6 21. Bf4 Nd4 22. Be3 Qb6 23. b4 Qxb4 24. Bxh6 Nxf5 25. Bxf5 g6 26. Bxf8 Rxf8 27. Bxg6 1-0

[Event "Samara Polugaevsky Memorial 7th"]
[Site "Samara"]
[Date "2017.07.12"]
[Round "5"]
[White "Kosyrev, Nikita"]
[Black "Martynyuk, Elizaveta"]
[Result "0-1"]
[WhiteElo "1833"]
[BlackElo "2155"]
[PlyCount "138"]
[EventDate "2017.07.08"]
[EventType "swiss"]
[EventRounds "9"]
[EventCountry "RUS"]
[SourceTitle "EXT 2018"]
[Source "ChessBase"]
[SourceDate "2017.10.13"]
[SourceVersion "1"]
[SourceVersionDate "2017.10.13"]
[SourceQuality "1"]

1. c4 Nf6 2. Nf3 c6 3. d4 d5 4. e3 e6 5. Nc3 Nbd7 6. Qc2 Bd6 7. Bd3 0-0 8. 0-0 dxc4 9. Bxc4 e5 10. dxe5 Nxe5 11. Nxe5 Bxe5 12. h3 Qe7 13. a3 h6 14. b3 Be6 15. Bxe6 Qxe6 16. Bb2 Rad8 17. Rad1 Qe7 18. a4 Qc5 19. Rc1 Qa5 20. Ba3 Rfe8 21. b4 Qa6 22. Bb2 Qc4 23. b5 c5 24. Rfd1 b6 25. g3 a6 26. bxa6 Qxa6 27. Kg2 Qa8+ 28. Kg1 Qf3 29. Rxd8 Rxd8 30. Rf1 Bxg3 31. fxg3 Qxg3+ 32. Qg2 Qxe3+ 33. Rf2 Rd2 34. Bc1 Qe1+ 35. Qf1 Qxf1+ 36. Kxf1 Rd3 37. Bb2 Rxh3 38. Rd2 Rh4 39. Kg2 Kh7 40. Kg3 Rb4 41. Kh3 h5 42. Rh2 g5 43. Rd2 Kg6 44. Ba1 h4 45. Rd6 Rb3 46. Kg2 Kh5 47. Rd1 Ng4 48. Rf1 Kg6 49. Re1 f5 50. Re6+ Kh5 51. Re8 Nf6 52. Re6 Ng4 53. Re8 Nf6 54. Re6 Ne4 55. Nd5 h3+ 56. Kh2 Ra3 57. Be5 Ra2+ 58. Kg1 Rxa4 59. Rxb6 f4 60. Rb3 Kg4 61. Rd3 Ra2 62. Nf6+ Nxf6 63. Bxf6 Kf5 64. Be7 g4 65. Bxc5 g3 66. Rd1 Kg4 67. Kh1 h2 68. Bd4 Kh3 69. Rd3 Rc2 0-1

[Event "Samara Polugaevsky Memorial 7th"]
[Site "Samara"]
[Date "2017.07.09"]
[Round "2"]
[White "Kosyrev, Nikita"]
[Black "Karpenko, Artem"]
[Result "0-1"]
[WhiteElo "1833"]
[BlackElo "2386"]
[PlyCount "80"]
[EventDate "2017.07.08"]
[EventType "swiss"]
[EventRounds "9"]
[EventCountry "RUS"]
[SourceTitle "EXT 2018"]
[Source "ChessBase"]
[SourceDate "2017.10.13"]
[SourceVersion "1"]
[SourceVersionDate "2017.10.13"]
[SourceQuality "1"]

1. c4 e6 2. Nf3 d5 3. e3 c6 4. d4 f5 5. Nc3 Nf6 6. g3 Bd6 7. Bg2 0-0 8. 0-0 Nbd7 9. Nd2 b6 10. f3 Bb7 11. e4 e5 12. dxe5 Nxe5 13. exd5 cxd5 14. f4 Bc5+ 15. Kh1 Neg4 16. Nf3 Nf2+ 17. Rxf2 Bxf2 18. Qe2 Bc5 19. Qe6+ Kh8 20. Ng5 Ne4 21. Nf7+ Rxf7 22. Qxf7 Nf2+ 23. Kg1 Qe8 24. Qxe8+ Rxe8 25. Kf1 Nd3 26. Ne2 Ba6 27. Bxd5 Nb4 28. Bf3 Nc2 29. Rb1 Bxc4 30. b3 Bd3 31. Rb2 Nd4 32. Rd2 Ba6 33. Bh5 g6 34. Bb2 gxh5 35. b4 Rxe2 36. Rxe2 Bxe2+ 37. Kf2 Bc4 38. Ke3 Kg8 39. bxc5 bxc5 40. Ba3 Nc2+ 0-1

[Event "Samara Polugaevsky Memorial 6th"]
[Site "Samara"]
[Date "2016.07.04"]
[Round "2"]
[White "Lintchevski, Daniil"]
[Black "Kosyrev, Nikita"]
[Result "1-0"]
[WhiteElo "2548"]
[BlackElo "1933"]
[PlyCount "93"]
[EventDate "2016.07.03"]
[EventType "swiss"]
[EventRounds "9"]
[EventCountry "RUS"]
[SourceTitle "EXT 2019"]
[Source "ChessBase"]
[SourceDate "2018.10.10"]
[SourceVersion "1"]
[SourceVersionDate "2018.10.10"]
[SourceQuality "1"]

1. e4 e5 2. Nf3 Nc6 3. Bb5 a6 4. Bxc6 dxc6 5. 0-0 Bg4 6. h3 h5 7. d3 Qf6 8. Nbd2 Bd6 9. Re1 Bxf3 10. Nxf3 Ne7 11. d4 0-0-0 12. c3 Rd7 13. Qb3 Ng6 14. Bg5 Qe6 15. Qxe6 fxe6 16. Rad1 Re8 17. dxe5 Bxe5 18. Rxd7 Kxd7 19. Nxe5+ Nxe5 20. f4 Nf7 21. Bh4 e5 22. f5 Rg8 23. Rd1+ Kc8 24. Kf2 g5 25. fxg6 Rxg6 26. Kf3 Nd6 27. g4 hxg4+ 28. hxg4 Kd7 29. g5 Ke6 30. Re1 Kf7 31. Kg4 Re6 32. Kh5 Kg7 33. Bg3 b6 34. b4 Kh7 35. a4 Kg7 36. a5 bxa5 37. bxa5 Nc4 38. Rf1 Nxa5 39. g6 Nc4 40. Rf7+ Kg8 41. Rxc7 Ne3 42. Bf2 Nd1 43. Rc8+ Kg7 44. Bc5 Nxc3 45. Bf8+ Kf6 46. Bh6 Nxe4 47. g7 1-0